American Countries - Tile Select - Statistics

General Stats
  • This quiz has been taken 582 times
    552 since last reset
  • The average score is 79 of 112
Answer Stats
Question Tile Select % Correct
that have Spanish as an official language. Brazil No
97%
that have Spanish as an official language. El Salvador Yes
96%
that have Spanish as an official language. Guatemala Yes
96%
that have Spanish as an official language. Venezuela Yes
96%
that have Spanish as an official language. Cuba Yes
95%
that have Spanish as an official language. Ecuador Yes
95%
that have Spanish as an official language. United States of America No
95%
that have Spanish as an official language. Bolivia Yes
94%
that have Spanish as an official language. Peru Yes
94%
that are in Latin America. United States of America No
94%
that have Spanish as an official language. Uruguay Yes
92%
that have Spanish as an official language. Suriname No
91%
that have Spanish as an official language. Panama Yes
90%
that have Spanish as an official language. Dominican Republic Yes
89%
that are in the Caribbean. Argentina No
87%
that have Spanish as an official language. Haiti No
87%
that are in the Caribbean. Saint Lucia Yes
86%
that have territory in the Amazon Rainforest. Bermuda No
85%
that have territory in the Amazon Rainforest. Greenland No
85%
that have territory in the Amazon Rainforest. Montserrat No
85%
that are in Latin America. Nicaragua Yes
85%
that are in the Caribbean. Saint Vincent and the Grenadines Yes
85%
that have territory in the Amazon Rainforest. Trinidad and Tobago No
85%
that have territory in the Amazon Rainforest. Brazil Yes
84%
that are in Latin America. Honduras Yes
84%
that are in Latin America. Panama Yes
84%
that have territory in the Amazon Rainforest. Puerto Rico No
84%
that are in Latin America. Bahamas No
83%
that are in the Caribbean. Jamaica Yes
83%
that are in the Caribbean. Trinidad and Tobago Yes
83%
that are in the Caribbean. United States No
83%
that have Spanish as an official language. Antigua and Barbuda No
82%
that are in Latin America. Jamaica No
82%
that have territory in the Amazon Rainforest. Panama No
81%
that are in the Caribbean. Suriname No
81%
that have Spanish as an official language. Belize No
80%
that are in the Caribbean. Dominican Republic Yes
80%
that are in the Caribbean. Guyana No
80%
that have territory below the equator. Guatemala No
79%
that have territory below the equator. Panama No
79%
that are in Latin America. Saint Lucia No
79%
that have territory below the equator. Chile Yes
78%
that are in the Caribbean. Cuba Yes
78%
that are in the Caribbean. French Guiana No
78%
that are in Latin America. Mexico Yes
78%
that have territory below the equator. U.S. Virgin Islands No
78%
that have territory below the equator. Brazil Yes
77%
that are in Latin America. Colombia Yes
77%
that have territory below the equator. French Guiana No
77%
that have territory below the equator. Argentina Yes
76%
that are in the Caribbean. Honduras No
76%
that have territory below the equator. Navassa Island No
75%
that are in the Caribbean. Panama No
75%
that were under European colonization in 1900. Peru No
74%
that were under European colonization in 1900. Uruguay No
74%
that are in the Caribbean. Belize No
73%
that are in Latin America. Peru Yes
73%
that are in Latin America. Uruguay Yes
73%
that have territory below the equator. Uruguay Yes
73%
that were under European colonization in 1900. Venezuela No
73%
that were under European colonization in 1900. Brazil No
72%
that have territory in the Amazon Rainforest. Colombia Yes
72%
that have territory in the Amazon Rainforest. Venezuela Yes
72%
that are in Latin America. Dominica No
70%
that were under European colonization in 1900. Nicaragua No
69%
that have territory below the equator. Bolivia Yes
68%
that are in Latin America. Brazil Yes
68%
that were under European colonization in 1900. Grenada Yes
68%
that have territory below the equator. Paraguay Yes
68%
that were under European colonization in 1900. Suriname Yes
68%
that were under European colonization in 1900. Guatemala No
67%
that have capitals with A in their name. Jamaica No
67%
that were under European colonization in 1900. Guyana Yes
66%
that have territory below the equator. Peru Yes
66%
that have capitals with A in their name. Turks and Caicos Islands No
66%
that have capitals with A in their name. United States of America Yes
66%
that were under European colonization in 1900. Bahamas Yes
65%
that were under European colonization in 1900. Belize Yes
65%
that have territory in the Amazon Rainforest. Bolivia Yes
65%
that have capitals with A in their name. Canada Yes
65%
that have territory below the equator. Venezuela No
65%
that have capitals with A in their name. Chile Yes
64%
that have territory in the Amazon Rainforest. Peru Yes
64%
that have capitals with A in their name. Peru Yes
61%
that were under European colonization in 1900. Cuba No
60%
that have capitals with A in their name. El Salvador Yes
60%
that have capitals with A in their name. Guatemala Yes
59%
that have capitals with A in their name. Barbados No
58%
that have territory below the equator. Ecuador Yes
57%
that were under European colonization in 1900. Haiti No
57%
that are in Latin America. Suriname No
57%
that have territory in the Amazon Rainforest. Guyana Yes
56%
that have capitals with A in their name. Haiti Yes
56%
that have capitals with A in their name. Costa Rica Yes
55%
that have capitals with A in their name. Saint Vincent and the Grenadines No
55%
that have territory in the Amazon Rainforest. Suriname Yes
55%
that were under European colonization in 1900. Dominican Republic No
54%
that are in Latin America. Guyana No
53%
that have capitals with A in their name. Nicaragua Yes
53%
that have territory in the Amazon Rainforest. French Guiana No
51%
that have territory in the Amazon Rainforest. Ecuador Yes
49%
that have territory below the equator. South Georgia and the Sandwich Islands No
48%
that have territory in the Amazon Rainforest. Paraguay No
47%
that have capitals with A in their name. Belize Yes
42%
that have capitals with A in their name. Dominica Yes
40%
that are in the Caribbean. Anguilla No
36%
that are in the Caribbean. Nevis No
34%
that have territory below the equator. Colombia Yes
33%
that have capitals with A in their name. Saint Kitts and Nevis Yes
32%
that are in Latin America. Haiti Yes
29%
that were under European colonization in 1900. Martinique No
26%
that were under European colonization in 1900. Falkland Islands No
25%
No matching quizzes found
Score Distribution
Percent of People with Each Score
Percentile by Number Answered
Your Score History
You have not taken this quiz since the last reset